banner-ar

تاثيرات اجنبية فى علم الصوتيات العربية / (Record no. 62420)

MARC details
000 -الفاتح
حقل البيانات ثابتة الطول 00767nam a2200193 4500
005 - وقت وتاريخ اخر تعامل مع التسجيلة
رقم الضبط 20240530110549.0
008 - عناصر البيانات ثابتة الطول - معلومات عامة
حقل البيانات ثابتة الطول 160618s2014 ua ||||g |||| 00| 0 ara d
017 ## - رقم الايداع القانونى
رقم الايداع القانونى 2013/17170
المصدر ( الهيئة المختصة) مصر. دار الكتب المصرية
040 ## - مصدر الفهرسة
وكالة الفهرسة الأصلية EG-CaGPL
082 04 - رقم تصنيف ديوى العشرى
رقم التصنيف 411.5/
رقم المادة ا ت
رقم الطبعة 21
100 0# - المدخل الرئيسى - إسم شخصى
الإسم الشخصى ابراهيم خليفة شعلان
245 10 - بيان العنوان
العنوان تاثيرات اجنبية فى علم الصوتيات العربية /
بيان المسئوليه,etc ابراهيم خليفة شعلان
250 ## - بيان الطبعة
بيان الطبعة ط. 1.
260 ## - PUBLICATION, DISTRIBUTION, ETC. (IMPRINT)
تاريخ النشر أو التوزيع 2014
300 ## - الوصف المادى
التعداد 106 ص. ؛
أبعاد الوعاء 24 سم.
650 04 - المدخل الاضافى بالموضوع-مصطلح موضوعى
مصطلح موضوعي الاصوات اللغوية العربية
942 ## - عناصر المدخل الإضافي( كوها)
مصدر التصنيف او مخطط الترفيف Dewey Decimal Classification
Koha [default] item type كتاب
260 ## - PUBLICATION, DISTRIBUTION, ETC. (IMPRINT)
-- الجيزة :
-- عين للدراسات والبحوث الانسانية والاجتماعية،
Holdings
حالة التراجع حالة الفقد حالة تلف ليس للاعارة المكان المؤقت الموقع الحالى تاريخ الاكتساب اجمالي اﻻعارات رقم الطلب الباركود تاريخ اخر مشاهدة تاريخ تفعيل السعر نوع وعاء كوها
        مكتبة القاهرة الكبرى مكتبة القاهرة الكبرى 06/18/2016   411.5/ ا ت 162144 06/18/2016 06/18/2016 كتاب

Powered By

EGPV